000 00313nam a22001337a 4500
008 170306b xxu||||| |||| 00| 0 eng d
020 _a1550091042
041 _aeng
080 _a611
100 _a6
101 _aSHM
245 _aGASTROINTESTINAL MOTILITY IN HEALTH AND DISEASE
_cSCHUSTER.M.M
942 _2udc
_cBK
999 _c6888
_d6888